Tiếng anh trong kỹ thuật tài nguyên nước English in water resources engineering
Chủ đề về kỹ thuật tài nguyên nước: Thuỷ văn, thời tiết, ô nhiễm nước, chu kỳ thuỷ văn, luật nước... và 2000 thuật ngữ kỹ thuật trong lĩnh vực tài nguyên nước
Guardado en:
| Autor principal: | |
|---|---|
| Otros Autores: | |
| Formato: | Libro |
| Lenguaje: | Undetermined |
| Publicado: |
H.
Xây dựng
2017
|
| Materias: | |
| Acceso en línea: | http://lrc.tdmu.edu.vn/opac/search/detail.asp?aID=2&ID=32058 |
| Etiquetas: |
Agregar Etiqueta
Sin Etiquetas, Sea el primero en etiquetar este registro!
|
| Thư viện lưu trữ: | Trung tâm Học liệu Trường Đại học Thủ Dầu Một |
|---|
| LEADER | 01022nam a2200229Ia 4500 | ||
|---|---|---|---|
| 001 | TDMU_32058 | ||
| 008 | 210410s9999 xx 000 0 und d | ||
| 082 | |a 628.1 | ||
| 090 | |b B510 | ||
| 100 | |a Bùi, Công Quang | ||
| 245 | 0 | |a Tiếng anh trong kỹ thuật tài nguyên nước | |
| 245 | 0 | |b English in water resources engineering | |
| 245 | 0 | |c Bùi Công Quang, Trần Mạnh Tuân | |
| 260 | |a H. | ||
| 260 | |b Xây dựng | ||
| 260 | |c 2017 | ||
| 300 | |a 258tr. | ||
| 520 | |a Chủ đề về kỹ thuật tài nguyên nước: Thuỷ văn, thời tiết, ô nhiễm nước, chu kỳ thuỷ văn, luật nước... và 2000 thuật ngữ kỹ thuật trong lĩnh vực tài nguyên nước | ||
| 650 | |a Tiếng Anh chuyên ngành |x Tài nguyên nước | ||
| 700 | |a Trần, Mạnh Tuân | ||
| 856 | |u http://lrc.tdmu.edu.vn/opac/search/detail.asp?aID=2&ID=32058 | ||
| 980 | |a Trung tâm Học liệu Trường Đại học Thủ Dầu Một | ||